| 000 | 00847nam a22002177a 4500 | ||
|---|---|---|---|
| 003 | OSt | ||
| 005 | 20210420052349.0 | ||
| 008 | 201125s2012 ||||| |||| 00| 0 geo d | ||
| 020 | _a9789941045394 | ||
| 040 |
_ageo _beng _cDLC |
||
| 041 | _ageo | ||
| 080 |
_a811.353.1 _bN-64 |
||
| 100 |
_9325 _aNikolaishvili, M. / ნიკოლაიშვილი, მ. |
||
| 245 |
_aGeorgian Language / ქართული ენა _b: Intensive Course / ინტენსიური კურსი _c/ by: Tbilisi / თბილისი |
||
| 260 |
_aთბილისი _bთბილისი _c2012 |
||
| 300 |
_a245 p. _bill. |
||
| 650 | 0 |
_9225 _aGeorgian Language |
|
| 653 | _aქართული ენა | ||
| 700 |
_9326 _aBagration-Davitashvili, N. / ბაგრატიონ-დავითაშვილი, ნ. |
||
| 942 |
_2udc _cBK |
||
| 999 |
_c428 _d428 |
||